000 01861cam a22005054i 4500
003 PE-LiUPU
005 20250731184550.0
008 150616s r 000 0 d
020 _a8425413613
035 _a(Sirsi) i9788425413612
040 _aPE-LiUPU
_bspa
_cPE-LiUPU
_erda
049 _aPRUA
082 0 4 _a980.8
_bW19
_221
245 0 0 _aAmérica latina :
_bsíntesis histórica, política, económica y cultural /
_cbajo la dirección de Peter Waldmann ; con la colaboración de Ulrich Zelinsky ; [versión del alemán de Diorki] .
264 1 _aBarcelona :
_bEditorial Herder,
_c1984.
300 _a381 páginas :
_bilustraciones mapas, cuadros ;
_c20 centímetros
336 _atext
_2rdacontent
337 _aunmediated
_2rdamedia
338 _avolume
_2rdacarrier
505 0 _aEstados -- Territorios dependientes -- Asociaciones y organizaciones regionales -- Anexos.
526 _aP136
526 _aP135
526 _aP134
526 _aP133
526 _aP144
526 _aP143
526 _aP87
526 _aP35
526 _aP20
526 _aP14
526 _aP10
526 _aP06
651 4 _aAmérica Latina
_xHistoria
_y1948-
651 4 _aAmérica latina
_xSituación social.
651 4 _aAmérica latina
_xPolítica y gobierno
_y1948-
700 1 _aWaldmann, Peter,
_edirector.
700 1 _aZelinsky, Ulrich.
910 _ajck
_bjvq
_cjck
942 _2ddc
_cBOOK
949 _a980.8 W19
_wDEWEY
_c1
_i25837
_lCCODEBUL1
_mBUL
_r0
_sY
_tBOOK
_u2015-4-23
_xEDUCACION
_PP20
_0COMPRA
_o.STAFF. Colección General
994 _aC0
_bPEPRU
596 _a1
999 _a980.8 W19
_wDEWEY
_c41209
_i25837
_d41209
_e2017-10-31
_f2021-11-8
_g5
_lCCODEBUL1
_mBUL
_n1
_q1
_r0
_sY
_tBOOK
_u2015-4-23
_xBIBLIOTECA
_PP20
_0COMPRA
_o.STAFF. Colección General
980 _81
_gALBERTO SANCHEZ Responsable de Automatización